Contract document for the procurement of consultancy services (Record no. 112889)

MARC details
000 -LEADER
fixed length control field 00679cam a22002055a 4500
001 - CONTROL NUMBER
control field L154220
008 - FIXED-LENGTH DATA ELEMENTS--GENERAL INFORMATION
fixed length control field 111103s2011 xxk f 000 0 eng d
020 ## - INTERNATIONAL STANDARD BOOK NUMBER
International Standard Book Number 9780955733512
035 ## - SYSTEM CONTROL NUMBER
System control number (Sirsi) u154220
041 0# - LANGUAGE CODE
Language code of text/sound track or separate title eng
050 04 - LIBRARY OF CONGRESS CALL NUMBER
Classification number 352.1
100 1# - MAIN ENTRY--PERSONAL NAME
Personal name Sansom, Alan C
245 00 - TITLE STATEMENT
Title Contract document for the procurement of consultancy services
260 ## - PUBLICATION, DISTRIBUTION, ETC.
Place of publication, distribution, etc. London
Name of publisher, distributor, etc. SCQS
Date of publication, distribution, etc. 2007
520 ## - SUMMARY, ETC.
Summary, etc. Provides clients and consultants with information on the responsibilities and duties expected from each party, to ensure successful delivery of the project.
590 ## - LOCAL NOTE (RLIN)
Local note KA
651 #4 - SUBJECT ADDED ENTRY--GEOGRAPHIC NAME
Geographic name United Kingdom
Chronological subdivision
690 ## - LOCAL SUBJECT ADDED ENTRY--TOPICAL TERM (OCLC, RLIN)
Topical term or geographic name as entry element BUILT ENVIRONMENT-CONSTRUCTION MANAGEMENT
942 ## - ADDED ENTRY ELEMENTS (KOHA)
Suppress in OPAC 0
Holdings
Withdrawn status Lost status Source of classification or shelving scheme Damaged status Not for loan Home library Current library Shelving location Date acquired Total Checkouts Full call number Barcode Date last seen Copy number Price effective from Koha item type
    Dewey Decimal Classification     London London Folio 03/11/2011   F352.1 SAN 30079546 06/08/2019 1 06/08/2019 Book